000 00426cam a2200181ua 4500
001 3209
008 111012n ii |||gr||||Z||||||asm
040 _cMAIN
082 _a891.4513
100 1 _aGoswami, Jyotidev,
245 1 1 _aOaboaidha
_cby Jyotidev Goswami
250 _a1st.
260 _aGuahati:
_bLawyers book stall,997.
300 _a80p:
_c23cm.
653 _aAssamese fiction
653 _aOaboaidha
942 _cBK
999 _c3055
_d3055